| 000 | 00986cam a22002055a 4500 | ||
|---|---|---|---|
| 001 | L155680 | ||
| 008 | 120402s1656 xxk f 000 0 eng d | ||
| 035 | _a(Sirsi) u155680 | ||
| 041 | 0 | _aeng | |
| 100 | 1 |
_aDugdale, William _cSir _d1605-1686 |
|
| 245 | 0 | 4 |
_aThe antiquities of Warwickshire _billustrated; from records, leiger-books, manuscripts, charters, evidences, tombes, and armes: beautified with maps, prospects and portraictures. By William Dugdale |
| 260 |
_aLondon _bprinted by Thomas VVarren _cin the year of our Lord God, M.DC.LVI. [1656] |
||
| 300 |
_a[16], 232, 283-460, 471-732, 743, 724-826, [16] p., [15] leaves of plates (some folded) _bgenealogical tables, maps, plans, port. _c2o |
||
| 520 | _aTitle page in red and black. | ||
| 583 |
_aCondition reviewed _c20120620 _lcondition level 4, detached boards and spine |
||
| 583 |
_aSent for conservation _c20130129 _kElizabeth Neville |
||
| 651 | 4 |
_aEngland _y886- |
|
| 690 | _aConservation and restoration | ||
| 942 | _n0 | ||
| 999 |
_c113747 _d113747 |
||